000 00561nam a22001817a 4500
005 20150903112330.0
010 _aENG-113469
020 _c500.00
_a97891170545590
035 _aEN-97001
037 _bDBAD/PUB
082 _a305.42091767
100 _aShahid Nasim Hyder
245 _aMuslim women :
_cby Shahid Nasim Hyder
_btradition & modernity /
260 _aNew Delhi
_bClassical Publishing
_c2011
270 _a28, Shopping Centre, Karampura
_bNew Delhi
_e110056
300 _a208p.
_c22cm(Hb)
942 _2ddc
_cEN
_mSHA
_h305.42091767
999 _c94898
_d94898